<?xml version="1.0" encoding="UTF-8"?><?xml-stylesheet type="text/xsl" href="static/style.xsl"?><OAI-PMH xmlns="http://www.openarchives.org/OAI/2.0/" xmlns:xsi="http://www.w3.org/2001/XMLSchema-instance" xsi:schemaLocation="http://www.openarchives.org/OAI/2.0/ http://www.openarchives.org/OAI/2.0/OAI-PMH.xsd"><responseDate>2026-04-17T02:14:50Z</responseDate><request verb="GetRecord" identifier="oai:www.recercat.cat:2117/423205" metadataPrefix="marc">https://recercat.cat/oai/request</request><GetRecord><record><header><identifier>oai:recercat.cat:2117/423205</identifier><datestamp>2026-03-20T01:31:35Z</datestamp><setSpec>com_2072_1033</setSpec><setSpec>col_2072_452950</setSpec></header><metadata><record xmlns="http://www.loc.gov/MARC21/slim" xmlns:dcterms="http://purl.org/dc/terms/" xmlns:xsi="http://www.w3.org/2001/XMLSchema-instance" xmlns:doc="http://www.lyncode.com/xoai" xsi:schemaLocation="http://www.loc.gov/MARC21/slim http://www.loc.gov/standards/marcxml/schema/MARC21slim.xsd">
   <leader>00925njm 22002777a 4500</leader>
   <datafield ind2=" " ind1=" " tag="042">
      <subfield code="a">dc</subfield>
   </datafield>
   <datafield ind2=" " ind1=" " tag="720">
      <subfield code="a">Castillo, Lucia</subfield>
      <subfield code="e">author</subfield>
   </datafield>
   <datafield ind2=" " ind1=" " tag="720">
      <subfield code="a">Badia Puyol, Montserrat</subfield>
      <subfield code="e">author</subfield>
   </datafield>
   <datafield ind2=" " ind1=" " tag="720">
      <subfield code="a">Giffard, Elsa Margaux</subfield>
      <subfield code="e">author</subfield>
   </datafield>
   <datafield ind2=" " ind1=" " tag="720">
      <subfield code="a">Romero Martín, Rut</subfield>
      <subfield code="e">author</subfield>
   </datafield>
   <datafield ind2=" " ind1=" " tag="720">
      <subfield code="a">Villares Junyent, Míriam</subfield>
      <subfield code="e">author</subfield>
   </datafield>
   <datafield ind2=" " ind1=" " tag="720">
      <subfield code="a">Roca Bosch, Elisabet</subfield>
      <subfield code="e">author</subfield>
   </datafield>
   <datafield ind2=" " ind1=" " tag="260">
      <subfield code="c">2024</subfield>
   </datafield>
   <datafield ind2=" " ind1=" " tag="520">
      <subfield code="a">La zona costera es altamente vulnerable debido a riesgos naturales, infraestructuras y población expuesta, exacerbados por el cambio climático. En la costa mediterránea, esto se agrava por el desarrollo urbano y el turismo. El litoral catalán, especialmente Tarragona, sufre erosión y necesita estrategias de adaptación urgente. Las Soluciones Basadas en la Naturaleza (NbS) ofrecen oportunidades para conservar y restaurar ecosistemas costeros. El Proyecto CoastSpace busca adaptar la costa mediante estrategias sostenibles.&#xd;
&#xd;
En este contexto, este Trabajo Fin de Máster se centra en identificar las áreas prioritarias de intervención en el litoral de Tarragona como parte de un modelo de toma de decisiones. Utilizando análisis multicriterio (MCDA), se desarrolla un marco metodológico robusto con criterios e indicadores detallados. El modelo de decisión incluye cinco partes clave: preparación, reconocimiento de la necesidad, desarrollo de alternativas, evaluación multicriterio y toma de decisión. Se seleccionaron 7 playas, 6 criterios y 23 indicadores para evaluar y priorizar áreas mediante los métodos AHP y TOPSIS. El estudio proporciona recomendaciones para la gestión costera, destacando la importancia de la participación comunitaria, la gobernanza efectiva y la gestión sostenible del turismo. El modelo desarrollado demuestra su utilidad y establece una base para futuras investigaciones, enfatizando la adaptación proactiva para garantizar la sostenibilidad y resiliencia a largo plazo.</subfield>
   </datafield>
   <datafield ind2=" " ind1=" " tag="520">
      <subfield code="a">Peer Reviewed</subfield>
   </datafield>
   <datafield ind2=" " ind1=" " tag="520">
      <subfield code="a">Postprint (published version)</subfield>
   </datafield>
   <datafield tag="653" ind2=" " ind1=" ">
      <subfield code="a">Àrees temàtiques de la UPC::Desenvolupament humà i sostenible::Enginyeria ambiental</subfield>
   </datafield>
   <datafield tag="653" ind2=" " ind1=" ">
      <subfield code="a">Modelo de toma de decisiones</subfield>
   </datafield>
   <datafield tag="653" ind2=" " ind1=" ">
      <subfield code="a">Soluciones Basadas en la Naturaleza</subfield>
   </datafield>
   <datafield tag="653" ind2=" " ind1=" ">
      <subfield code="a">análisis multicriterio (MCDA)</subfield>
   </datafield>
   <datafield tag="653" ind2=" " ind1=" ">
      <subfield code="a">erosión costera</subfield>
   </datafield>
   <datafield tag="653" ind2=" " ind1=" ">
      <subfield code="a">adaptación costera</subfield>
   </datafield>
   <datafield tag="653" ind2=" " ind1=" ">
      <subfield code="a">litoral catalán</subfield>
   </datafield>
   <datafield tag="653" ind2=" " ind1=" ">
      <subfield code="a">AHP</subfield>
   </datafield>
   <datafield tag="653" ind2=" " ind1=" ">
      <subfield code="a">TOPSIS</subfield>
   </datafield>
   <datafield ind2="0" ind1="0" tag="245">
      <subfield code="a">Medidas de adaptación en el litoral.  Análisis multicriterio: el caso de la Costa Daurada (Tarragona)</subfield>
   </datafield>
</record></metadata></record></GetRecord></OAI-PMH>